000 00883cam a22002897a 4500
001 000009591
003 OSt
005 20201002031104.0
008 820318|1975 mx 001 f spa
010 _a82132114
040 _aDO-SdBNP
_bspa
_cBNPHU
082 _aM863.4
_bY22a, 1975
100 1 _aYáñez, Agustín,
_d1904-1980.
_924436
245 1 0 _aAl filo del agua /
_cAgustin Yáñez ; prólogo de Antonio Castro Leal.
250 _a2a ed.
260 _aArgentina ;
_aMéxico :
_bPorrua,
_c1975.
300 _axvi, 389 p. ;
_c20 cm.
490 1 _aEscritores mexicanos
_v72
504 _aBibliografía p: xiii - xvi
590 _aInventariado, 2020/ YL
650 4 _aNovela mexicana
_93959
650 4 _aLiteratura mexicana
_91922
700 1 _aCastro Leal, Antonio,
_epról.
_99717
830 _aEscritores Mexicanos
_l72
_976712
910 _aEn proceso
942 _2ddc
_cLF1
999 _c9351
_d9351